000
00302nam a2200121Ia 4500
008
220204s9999 xx 000 0 und d
082
_a
809.481.2:001.815
_b
GOV
245
0
_a
Malayalam index. 2 V
260
_a
Trichur
_b
Kerala Sahitya Academy
700
_a
Govi, K M
700
_a
Panikar
942
_c
BK
999
_c
22809
_d
22809